000
00289nam a2200121Ia 4500
008
190216s9999||||xx |||||||||||||| ||und||
100
_a
Sharma J N & Goel S N
245
0
_a
Modern Algebra
260
_b
Kedernath Ramnath
_c
1980
300
_a
540p
650
_a
Mathematics
942
_c
BK
999
_c
30605
_d
30605